Zaniknutá výšinná stredoveká dedina na Spiši

Podrobná bibliografia
Hlavní autori: Čaplovič, Dušan, 1946-2025 (Autor), Javorský, Dušan (Autor), Javorský, František, 1934-2000 (Autor)
Médium: Článok
Jazyk:slovenčina
Fyzický popis:Obr. 6.
Predmet:

MARC

LEADER 00000nab a2200000 a 4500
001 vtls000145053
003 SK-MaSNL
005 20260305003358.0
008 250423c1983 xo 0 slo
015 |a SNBRB19rr/mm-uuuuu 
035 |a CL0155160 
035 |a urn:nbn:sk:snk-ab2vgh 
035 |a (urnnbn)urn:nbn:sk:snk:ar-a0300h 
035 |a (uuid)6d066d93-e5d4-4653-8865-7d72262df385 
040 |a SNKBUCL  |b slo  |c SNKBUCL  |e AACR2 
041 0 |a slo 
044 |a xo  |c SK 
080 |a 903  |2 1981 
100 1 |a Čaplovič, Dušan,  |d 1946-2025  |4 aut  |9 105506 
245 1 0 |a Zaniknutá výšinná stredoveká dedina na Spiši  |c Dušan Čaplovič, Dušan Javorský ; František Javorský 
300 |b Obr. 6. 
650 0 7 |a dediny  |2 snkbucl  |9 51460 
650 0 7 |a stredovek  |2 snkbucl  |9 4259 
650 0 7 |a archeologické výskumy  |2 snkbucl  |9 74796 
650 0 7 |a archeologické nálezy  |2 snkbucl  |9 4975 
651 7 |a Spiš (Slovensko : región)  |2 snkbucl  |9 17692 
655 7 |a články z novín a časopisov  |2 snkbucl  |9 267496 
700 1 |a Javorský, Dušan  |4 aut  |9 1580232 
700 1 |a Javorský, František,  |d 1934-2000  |4 aut  |9 37013 
773 0 |t Krásy Slovenska  |g Roč. 60, č. 1 (1983), s. 10-13 
850 |a Slovenská národná knižnica 
852 |a Slovenská národná knižnica 
954 |a odborná, vedecká literatúra pôvodná (slovenská)  |2 lita 
958 |a article27 
958 |a OND 
958 |a RK 
958 |a EUIPO 
992 |a RBX 
999 |c 3230010  |d 3231940